00530 a2200169 4500003000500000005001700005010001600022020001500038040000900053082001000062245007800072260009600150300003400246440004500280650001100325700002400336Nust20170207154051.0 a 88100166 a0863411053 cNust a658.300aPerspectives on project management -(E-BOOK)cedited by R.N.G. Burbridge. aLondon, U.K. :bP. Peregrinus on behalf of the Institution of Electrical Engineers,cc1988. axxv, 154 p. :bill. ;c23 cm. 0aIEE management of technology series ;v7 aE-BOOK1 aBurbridge, R. N. G.